000 00504nam a22001697a 4500
005 20180226165459.0
008 160523b xxu||||| |||| 00| 0 eng d
020 _a817788420-2
041 _aeng
082 _b4144
_a330.954
100 _aRao Hanumantha / C.H. Bhalta charge / B.B. Siddhar Hans/N.S.
_91023
245 _aIndian economy and Society in the Era of Globalisation and Libralisation
260 _aNew Delhi
_bAcademic Faundation
300 _a421
650 _aManagement
_9241
942 _cBK
999 _c1394
_d1394